Štatistická ročenka Slovenskej republiky 2008 = Statistical Yearbook of the Slovak Republik 2008

Gespeichert in:
Bibliographische Detailangaben
Format: Buch
Sprache:Slowakisch
Veröffentlicht: Bratislava : Veda, 2008
Ausgabe:1. vyd.
Schlagworte:
Online-Zugang:OBSAH
Tags: Tag hinzufügen
Keine Tags, Fügen Sie das erste Tag hinzu!

MARC

LEADER 00000nam a22000003a 4500
001 stu184102
005 20150408160818.3
008 090512s2008----xo------------------slo-d
020 |a 978-80-224-1053-3 
040 |a STU  |b slo 
041 0 |a slo 
044 |a xo 
080 |a 311(437.6) 
245 |a Štatistická ročenka Slovenskej republiky 2008 = Statistical Yearbook of the Slovak Republik 2008 
250 |a 1. vyd. 
260 |a Bratislava :  |b Veda,  |c 2008 
300 |a 680 s 
500 |a Súčasťou publikácie je elektronická verzia na CD-ROM 
650 7 |a Štatistika slovenská  |2 stusub 
856 4 |a https://sweb.mtf.stuba.sk/obsahy/statisticka_rocenka_08  |u https://sweb.mtf.stuba.sk/obsahy/statisticka_rocenka_08  |3 OBSAH 
996 |b 284EK87992  |c E*87992  |l EE0101  |s P  |a 0  |w stu184102_0001 
996 |b 284M070338  |c M*9192/2008-1  |l MMKN  |s A  |a 24  |w stu184102_0002 
996 |b 284J036825  |c J*112130  |l JJST  |s P  |a 0  |w stu184102_0003